Montenegro in the Eurovision Song Contest - Statistics

General Stats
  • This quiz has been taken 14 times
    4 since last reset
  • The average score is 7 of 14
Answer Stats
Answer % Correct
Dobrodošli (Добродошли)
100%
Nova zora (Нова зора)
100%
Adio (Адио)
67%
Breathe
67%
Euro Neuro
67%
Heaven
67%
Moj svijet (Мој свијет)
67%
Space
67%
The Real Thing
67%
Inje (Иње)
33%
'Ajde, kroči ('Ајде, крочи)
0%
Igranka (Игранка)
0%
Just Get Out of My Life
0%
Zauvijek volim te (Заувијек волим те)
0%
No matching quizzes found
Score Distribution
Percent of People with Each Score
Percentile by Number Answered
Your Score History
You have not taken this quiz since the last reset